Представление документа в формате RUSMARC

ПолеНазваниеЗначение
  Тип записи a
  Библиографический уровень m
001 Контрольный номер UONB/MAIN/41ea0cec3973415fa311e13e00a70f87
005 Дата корректировки 20260414160324.9
010 Индекс ISBN __
d Цена 95 к.
9 Тираж 800 экз.
100 Данные общей обработки __
a Данные общей обработки 20260410d1964 m y0rusy0189 ca
101 Язык документа 0_
a Язык текста rus
102 Страна публикации __
a Страна публикации RU
105 Кодированные данные (монография) __
a Кодированные данные (монография) a z 001yy
200 Заглавие и сведения об ответственности 1_
a Заглавие Серодиагностика в фитопатологии, селекции и семеноводстве
f Первые сведения об ответственности Российская ордена Ленина сельскохозяйственная академия имени К.А. Тимирязева
g Последующие сведения об ответственности ответственный редактор М. С. Дунин и др.
203 Вид содержания и тип средства __
a Вид содержания Текст
b Характеристика содержания визуальный
c Тип средства непосредственный
210 Выходные данные 1_
a Место издания Москва
d Дата издания 1964
215 Физическое описание __
a Объем 298 с.
c Иллюстрации/тип воспроизводства ил.
d Формат 21 см
225 Серия 1_
a Серия Доклады Тимирязевской сельскохозяйственной академии
v Обозначение тома вып. 107
320 Библиография __
a Библиография Библиогр. в конце докл.
606 Тематические рубрики 0_
a Основная рубрика Сельскохозяйственные культуры
x Основная подрубрика Болезни и вредители
j Формальный подзаголовок Сборники
606 Тематические рубрики 0_
a Основная рубрика Сыворотки иммунные диагностические
x Основная подрубрика Применение в сельском хозяйстве
610 Ключевые слова 0_
a Ключевые слова сельскохозяйственные культуры
610 Ключевые слова 0_
a Ключевые слова серодиагностика
610 Ключевые слова 0_
a Ключевые слова сборники
686 Индексы других классификаций __
a Классификационный индекс 44.7-3
2 Код системы rubbk
702 Вторичная интеллектуальная ответственность _1
a Фамилия Дунин
b Имя (инициалы) М. С.
g Полное личное имя Михаил Семенович
4 Код отношения 340
712 Наименование организации (Вторичная ответственность) 02
a Организация/ юрисдикция Российская ордена Ленина сельскохозяйственная академия имени К.А. Тимирязева
4 Код отношения 570
801 Источник записи _0
a Страна RU
b Организация Ульяновская ОНБ
c Дата составления 20260410
g Правила каталогизации RCR
801 Источник записи _1
a Страна RU
b Организация Ульяновская ОНБ
c Дата составления 20260410
g Правила каталогизации RCR
901 Тип документа __
t Тип документа m
909 Создатель записи __
a Создатель записи Грязнова Т.
b Дата создания записи 20260410